000 01730cam a22003858i 4500
001 22373257
003 OSt
005 20260401143851.0
008 220106s2022 nyu 000 0 eng
010 _a 2021062946
020 _a9780063219243
_q(hardcover)
020 _z9780063219267
_q(ebook)
035 _a22373257
040 _aDLC
_beng
_erda
_cDLC
042 _apcc
050 0 0 _aNA7126
_b.Z36 2022
082 0 0 _a728.37 Z36 2022
_223/eng/20220208
100 1 _aZamora Mola, Francesc,
_eauthor.
245 1 0 _a150 best all new house ideas /
_cFrancesc Zamora Mola.
246 3 _aOne hundred fifty best new house ideas
263 _a1111
264 1 _aNew York, NY :
_bHarper Design, an Imprint of HarperCollins Publishers,
_c2022.
300 _a479 pages, 20 cm
336 _atext
_btxt
_2rdacontent
337 _aunmediated
_bn
_2rdamedia
338 _avolume
_bnc
_2rdacarrier
520 _a"From the highly successful 150 Best series, the ultimate resource for single home buyers and owners, architects, developers, and designers, filled with contemporary, fresh ideas for sustainable construction and gorgeous interiors, vividly captured in hundreds of stunning four-color photographs"--
_cProvided by publisher.
650 0 _aArchitecture, Domestic
_xHistory
_y21st century.
650 0 _aArchitecture, Domestic
_xHistory
_y21st century
_vPictorial works.
655 7 _aIllustrated works.
_2lcgft
_0https://id.loc.gov/authorities/genreForms/gf2014026111
906 _a0
_bvip
_corignew
_d1
_eecip
_f20
_gy-gencatlg
942 _2ddc
_cBK-EN
_n0
999 _c8710
_d8710